[Event "Interzonal-16"]
[Site "Biel"]
[Date "1993.??.??"]
[Round "1"]
[White "Kamsky, Gata"]
[Black "Lputian, Smbat G"]
[Result "1-0"]
[WhiteElo "2645"]
[BlackElo "2565"]
[Annotator "Horvath,Ta"]
[PlyCount "121"]
[EventDate "1993.07.16"]
[EventType "swiss"]
[EventRounds "13"]
[EventCountry "SUI"]
[SourceTitle "CBM 037"]
[Source "ChessBase"]
[SourceDate "1993.12.01"]
[SourceVersion "1"]
[SourceVersionDate "1993.12.01"]
[SourceQuality "1"]

1. e4 c5 2. Nf3 Nc6 3. d4 cxd4 4. Nxd4 e5 5. Nb5 d6 6. N1c3 a6 7. Na3 b5 8. Nd5
Nf6 9. Bg5 Be7 10. Bxf6 Bxf6 11. c3 O-O (11... Bb7) 12. Nc2 Rb8 13. Be2 Bg5 14.
O-O a5 15. Nce3 Be6 16. Qd3 Bxe3 $5 (16... Ne7) 17. Nxe3 $14 Qd7 18. h3 Rfd8
19. Bg4 Ne7 20. Rfd1 {><d6, b5} Rbc8 $6 (20... Qc7 21. Bxe6 fxe6 22. a4 b4 (
22... bxa4 23. Qc4 $5 Qxc4 24. Nxc4 d5 25. exd5 exd5 26. Nxe5 Rxb2 27. Rxa4 $14
) 23. c4 Qc5 24. Rd2 Nc6 $10) 21. Bxe6 fxe6 22. a4 bxa4 23. Qc2 $5 Rb8 $2 (
23... Qb5 24. Rd2 d5 25. Qxa4 Qxa4 26. Rxa4 Rc5 $14) 24. Nc4 $16 Qb5 25. Qxa4 {
><d6, a5, e5} Nc6 26. Rd2 $1 (26. Nxd6 Qxa4 27. Rxa4 Rxb2 $10) (26. Qa2 $5 d5
27. exd5 exd5 28. Nxa5 Nxa5 29. Qxa5 Qxb2 30. Rxd5 Qxa1+ 31. Qxa1 Rxd5 $10)
26... Rd7 (26... d5 $2 27. Nxa5) (26... Qc5 $5 27. Nxa5 Ra8 28. b4 $1 Qxc3 29.
Rc2 {/\ Rc6+-}) 27. Qxb5 Rxb5 28. Nxd6 $18 Rb8 29. Rad1 Kf8 30. Nc4 Rxd2 31.
Rxd2 Ke7 32. h4 $5 (32. Kf1 $142 {/\} Rb5 33. Ke2 Rc5 34. Kd3 {/\ Rd1-a1})
32... Rb5 33. Kf1 Rc5 34. Nb6 $6 Nb8 35. f3 Rc6 36. Na4 Nd7 37. Ke2 Nf6 38. b3
Ne8 39. c4 Nc7 40. Kd3 $6 (40. Ra2 $142 $1 Na6 41. Nb2 Rb6 42. Rxa5 Rxb3 43.
Nd3 Nb4 44. Nxe5 $18) 40... Na6 41. Kc3 {/\ 41...Nc7? 42.c5 /\ Kc4+-} Rc7 42.
Nb2 Nb4 43. Nd3 Nc6 44. Ra2 (44. g3 $5 {/\ f4 ><e5, d4}) 44... h6 $1 $132 45.
Ra4 g5 46. hxg5 hxg5 47. c5 $16 g4 $8 48. fxg4 $1 Kf6 49. b4 $5 axb4+ (49...
Nxb4 $5 50. Rxa5 $8 (50. Nxb4 $4 Rxc5+ $10) 50... Nc6 51. Ra6 $16) 50. Nxb4 Na7
51. Nd3 $18 Nc8 52. Ra6 Rg7 53. Ra8 Rc7 54. Kb4 Kg5 55. Nxe5 Kf4 56. Nc4 $1
Kxg4 57. Nd6 Ne7 58. Kb5 Kf4 59. Ra6 e5 $2 (59... Ke5) 60. Ra3 $1 Ng6 61. Kb6
1-0

[Event "Interzonal-16"]
[Site "Biel"]
[Date "1993.??.??"]
[Round "3"]
[White "Kamsky, Gata"]
[Black "Akopian, Vladimir Eduardovic"]
[Result "1-0"]
[WhiteElo "2645"]
[BlackElo "2600"]
[Annotator "Hertneck,G"]
[PlyCount "81"]
[EventDate "1993.07.16"]
[EventType "swiss"]
[EventRounds "13"]
[EventCountry "SUI"]
[SourceTitle "CBM 037"]
[Source "ChessBase"]
[SourceDate "1993.12.01"]
[SourceVersion "1"]
[SourceVersionDate "1993.12.01"]
[SourceQuality "1"]

1. d4 d5 2. c4 c6 3. Nf3 Nf6 4. Nc3 dxc4 5. a4 Bf5 6. Ne5 e6 7. f3 Bb4 8. Nxc4
O-O 9. Bg5 h6 10. Bh4 c5 11. dxc5 Qxd1+ 12. Kxd1 {It seems the impressive
white win in Yusupov,A-Hertneck,G/Munich 1993 has inspired manny players - at
least I have seen quite a lot of games exploiting this idea recently.} Rd8+ 13.
Kc1 Na6 14. e4 Nxc5 15. Kc2 (15. exf5 Nb3+ 16. Kb1 Nxa1 17. Kxa1 Bxc3 18. bxc3
Rd1+ 19. Kb2 exf5 $15 {ECO D17/18 n.95}) 15... Bh7 16. Be2 g5 (16... Rac8 $1
17. Rhd1 $140 Rxd1 18. Rxd1 Bxc3 19. bxc3 Nxa4) 17. Bf2 Rac8 18. Rhd1 Nd5 (
18... Rxd1 19. Rxd1 $14) 19. Na2 $1 Ba5 (19... a6 $5) 20. Bxc5 Rxc5 21. Kb3 Nf4
22. Nxa5 Rxd1 23. Rxd1 Rxa5 24. Bf1 {+/=/+/- >< h7} e5 {/\ Nf4-e6} 25. Nc3 Ne6
26. Nb5 $1 a6 (26... Nc5+ 27. Kb4 b6 28. b3 f5 29. Bc4+ Kg7 30. Rd5 $1 {/\ Bc5}
) 27. Nd6 b5 (27... Nd4+ 28. Kb4 Nc6+ 29. Ka3 b5 30. b3 b4+ 31. Kb2 Rc5 32.
Bxa6 $18) 28. axb5 axb5 29. Nxb5 $16 g4 30. Bc4 gxf3 31. gxf3 Ng5 32. Rd3 Bg6
33. h4 Nh3 34. Nd6 Ra8 35. Kb4 Rb8+ 36. Kc3 Ng1 37. Re3 Bh5 38. b4 Kf8 39. b5
f6 40. Kb4 Nxf3 41. Kc5 1-0

[Event "Interzonal-16"]
[Site "Biel"]
[Date "1993.??.??"]
[Round "5"]
[White "Kamsky, Gata"]
[Black "Gelfand, Boris"]
[Result "1/2-1/2"]
[WhiteElo "2645"]
[BlackElo "2670"]
[Annotator "Blatny,P"]
[PlyCount "78"]
[EventDate "1993.07.16"]
[EventType "swiss"]
[EventRounds "13"]
[EventCountry "SUI"]
[SourceTitle "CBM 037"]
[Source "ChessBase"]
[SourceDate "1993.12.01"]
[SourceVersion "1"]
[SourceVersionDate "1993.12.01"]
[SourceQuality "1"]

1. e4 c5 2. Nf3 d6 3. d4 cxd4 4. Qxd4 a6 5. c4 Nf6 6. Nc3 e6 7. Be3 Nbd7 $5 (
7... Be7) 8. Be2 Qc7 9. O-O b6 10. b4 Be7 11. Rfd1 O-O 12. Rac1 Bb7 13. Nd2 (
13. a3 $142 {/\ h3, Qd3, Bf4+/= ><d6}) 13... Rac8 14. Nb3 Qb8 15. f3 $6 (15. a4
$5 {/\ a5+/=}) 15... d5 $5 16. cxd5 exd5 17. Nxd5 Nxd5 18. Rxc8 $6 (18. exd5 $5
Rxc1 19. Bxc1 {/\} Qd6 20. a3 Nf6 21. Bf4 $1 Qxd5 22. Qxb6 Qxb3 23. Qxb7 $16)
18... Rxc8 19. exd5 Bd6 20. f4 Rc2 $14 {><a2, b4, d5, f4} 21. Bg4 $5 (21. Rd2
Qc7 $1 22. Bd3 (22. a3 Rc3 {/\} 23. Rd3 $2 Rc4 $15) 22... Rxd2 23. Nxd2 Nf6 $1
24. Bc4 Bxb4 $15 (24... b5 $2 25. Bb3 Qc1+ 26. Nf1 $16)) 21... Nf6 22. Bf3 Rxa2
23. Qxb6 Nd7 $1 24. Qa7 $5 (24. Qd4 Ra4 25. Bd2 a5 $1 26. Bc3 Bf8 $5 $13 (26...
Qf8 $5 27. Qa7 $13)) 24... Qxa7 25. Bxa7 Bxb4 26. Nd4 Bc3 $1 $10 27. Rd3 Ra1+
28. Kf2 Bb4 29. Nc6 a5 30. Re3 $6 (30. Rb3 $5) 30... Nf6 31. Rb3 Ra2+ 32. Kg3
Ra3 $1 33. Rxa3 Bxa3 34. Bd4 a4 35. Bxf6 gxf6 36. Bd1 Ba6 37. Bxa4 Bc4 38. Nd4
Bxd5 39. Bb3 Bb2 1/2-1/2

[Event "Interzonal-16"]
[Site "Biel"]
[Date "1993.??.??"]
[Round "6"]
[White "Portisch, Lajos"]
[Black "Kamsky, Gata"]
[Result "1/2-1/2"]
[WhiteElo "2585"]
[BlackElo "2645"]
[Annotator "ChessBase"]
[PlyCount "97"]
[EventDate "1993.07.16"]
[EventType "swiss"]
[EventRounds "13"]
[EventCountry "SUI"]
[SourceTitle "CBM 037"]
[Source "ChessBase"]
[SourceDate "1993.12.01"]
[SourceVersion "1"]
[SourceVersionDate "1993.12.01"]
[SourceQuality "1"]

1. d4 d5 2. c4 e6 3. Nf3 c6 4. Qc2 Nf6 5. g3 Nbd7 6. Bg2 Be7 7. O-O O-O 8. Rd1
a5 9. Bf4 Nh5 (9... a4) 10. Bd2 Nhf6 11. b3 b5 12. Be1 Ba6 13. Nbd2 bxc4 14.
bxc4 Rc8 15. Nb3 Bb4 16. c5 Rb8 17. Bxb4 Rxb4 18. Rdb1 Qc7 19. e3 Rfb8 20. a3
R4b7 21. Nbd2 e5 22. dxe5 Nxe5 23. Nxe5 Qxe5 24. Nf3 Qc7 25. Rxb7 Qxb7 26. Nd2
Qa7 27. Bh3 h6 $10 28. Rc1 Be2 29. Qc3 Rb5 30. f3 Qe7 31. Kf2 Bc4 32. Qd4 a4
33. Nxc4 Rxc5 34. Bf1 dxc4 35. Bxc4 Ra5 36. Kg2 Re5 37. e4 Ra5 38. Rc3 Ra8 39.
Be2 Qb7 40. Qc5 Rd8 41. Qxc6 Qb2 42. Kf2 Qa1 43. Rd3 Rxd3 44. Qc8+ Kh7 45. Bxd3
Qxa3 46. Qf5+ Kg8 47. Qc8+ Kh7 48. Qf5+ Kg8 49. Qc8+ 1/2-1/2

[Event "Interzonal-16"]
[Site "Biel"]
[Date "1993.??.??"]
[Round "7"]
[White "Kamsky, Gata"]
[Black "Hjartarson, Johann"]
[Result "1-0"]
[WhiteElo "2645"]
[BlackElo "2605"]
[Annotator "Knaak,R"]
[PlyCount "107"]
[EventDate "1993.07.16"]
[EventType "swiss"]
[EventRounds "13"]
[EventCountry "SUI"]
[SourceTitle "CBM 037"]
[Source "ChessBase"]
[SourceDate "1993.12.01"]
[SourceVersion "1"]
[SourceVersionDate "1993.12.01"]
[SourceQuality "1"]

1. d4 Nf6 2. c4 g6 3. Nc3 Bg7 4. e4 d6 5. f3 O-O 6. Be3 Nc6 7. Qd2 a6 8. Bd3 $5
e5 9. d5 Nd4 10. Nge2 Nd7 (10... Ne8 11. Bg5 $2 f6 12. Bh4 c5 13. dxc6 bxc6 14.
Bf2 f5 15. O-O c5 $15 {Hummel,R-Honfi,K/Bad Woerishofen/1990/}) 11. O-O c6 12.
dxc6 bxc6 13. b4 $14 Bb7 14. Rab1 a5 15. b5 c5 16. f4 exf4 17. Nxf4 Nb6 18.
Ncd5 a4 19. Kh1 a3 20. Nxb6 Qxb6 21. Nd5 Bxd5 22. exd5 $16 f5 23. Rbe1 Rfe8 24.
Bg5 Be5 25. Qf2 Qa5 26. Bd2 Qd8 27. g3 Ra7 28. Bh6 Qa5 29. Re3 Qd8 (29... Qc3
$2 30. Bxf5 Qxc4 31. Bd7 Qxd5+ 32. Kg1 Nf5 33. Bxe8 $18) 30. Qd2 Ra4 31. Rb1
Qb6 32. Bf4 Qb8 33. Kg2 Kf7 34. Bg5 Qb6 35. Ree1 Raa8 36. h3 Kg8 37. Rf1 Qb7
38. Rf2 Ra4 39. Bh6 Raa8 40. Rbf1 Bg7 41. Bf4 Be5 42. Bg5 Ra4 $6 43. g4 $1 Rb4
$6 44. gxf5 gxf5 45. Kh1 Kh8 46. Rg1 Qf7 47. Qe3 Rg8 48. Rfg2 Rg6 49. Bf4 Qg7 (
49... Bxf4 50. Qxf4 Rxg2 51. Rxg2 Nxb5 52. Qg5 $18) 50. Bxe5 dxe5 (50... Qxe5
51. Rxg6 $18) 51. d6 $18 Rb2 52. d7 Ne6 53. Rxg6 hxg6 54. Bxf5 1-0

[Event "Interzonal-16"]
[Site "Biel"]
[Date "1993.??.??"]
[Round "8"]
[White "Khalifman, Alexander"]
[Black "Kamsky, Gata"]
[Result "1/2-1/2"]
[WhiteElo "2645"]
[BlackElo "2645"]
[Annotator "Khalifman,A"]
[PlyCount "72"]
[EventDate "1993.07.16"]
[EventType "swiss"]
[EventRounds "13"]
[EventCountry "SUI"]
[SourceTitle "CBM 037"]
[Source "ChessBase"]
[SourceDate "1993.12.01"]
[SourceVersion "1"]
[SourceVersionDate "1993.12.01"]
[SourceQuality "1"]

1. d4 {Knaak} Nf6 2. Nf3 g6 3. c4 Bg7 4. Nc3 O-O 5. e4 d6 6. Be2 e5 7. O-O Nc6
8. d5 Ne7 9. Nd2 a5 10. a3 Nd7 11. Rb1 f5 12. b4 Kh8 13. f3 Ng8 14. Qc2 Ngf6
15. Bd3 f4 16. Nb5 b6 17. c5 $5 bxc5 $146 (17... dxc5 18. bxa5 Rxa5 19. Nc4 $44
) 18. Nb3 (18. bxa5 {Knaak} Rxa5 19. Nc4 $44) 18... a4 (18... axb4 {Knaak} 19.
axb4 cxb4 20. Nxc7 $16) 19. Na5 Ne8 20. Qxa4 Qh4 $1 (20... g5 $6 21. Nc6 $1 $16
) 21. Qc2 g5 22. Qf2 $6 (22. Nc6 $1 g4 (22... h5 23. Qf2 $16) (22... cxb4 23.
axb4 Ndf6 24. h3 $14) 23. fxg4 $14) 22... Qh5 $13 23. Nc6 cxb4 24. axb4 Ndf6
25. Ne7 (25. h3 $2 {Knaak} g4 $1 26. fxg4 Bxg4 $15 27. hxg4 $2 Nxg4 $19) 25...
g4 $6 (25... Bd7 $5 $36) (25... Bd7 $5 {Knaak}) 26. Nxc8 Rxc8 27. Na7 (27. Qe2
$5 $14) 27... Rd8 28. Qe2 Bh6 (28... Qg6 {Knaak} 29. Nc6 Rd7 $13) 29. fxg4 (29.
Bd2 $5) 29... Nxg4 30. h3 Ngf6 (30... Nef6 $5 31. Rf3 $1 (31. hxg4 $2 Nxg4 32.
g3 f3 $1 $19) (31. Qf3 Ne3 $1 $36) 31... Rg8 32. hxg4 Rxg4 $44) 31. Qxh5 Nxh5
32. Nb5 $14 Ng3 33. Rf2 Rb8 34. Nc3 Bg5 35. b5 $6 Bh4 36. Ra1 Nf6 $13 1/2-1/2

[Event "Interzonal-16"]
[Site "Biel"]
[Date "1993.??.??"]
[Round "10"]
[White "Kamsky, Gata"]
[Black "Bareev, Evgeny"]
[Result "1/2-1/2"]
[WhiteElo "2645"]
[BlackElo "2660"]
[Annotator "Ftacnik,L"]
[PlyCount "79"]
[EventDate "1993.07.16"]
[EventType "swiss"]
[EventRounds "13"]
[EventCountry "SUI"]
[SourceTitle "CBM 037"]
[Source "ChessBase"]
[SourceDate "1993.12.01"]
[SourceVersion "1"]
[SourceVersionDate "1993.12.01"]
[SourceQuality "1"]

1. e4 {Bareev,E} e6 2. d4 d5 3. Nc3 Nf6 4. e5 Nfd7 5. f4 c5 6. Nf3 Nc6 7. Be3
Qb6 8. Na4 Qa5+ 9. c3 c4 10. b4 Qc7 11. Be2 Be7 12. O-O f5 $5 (12... b5 13. Nc5
a5 14. a3 Nxc5 15. dxc5 O-O 16. Nd4 Nxd4 17. Bxd4 Bd7 $10 {Anand,V-Dreev,A/
Biel izt/1993/}) 13. Ng5 (13. Nc5 {Bareev,E} Nf8 {/\ b6}) (13. exf6 {Bareev,E}
Nxf6 {/\ 0-0, Bd7-e8-g6}) 13... Nf8 14. g4 $5 h6 15. Nh3 fxg4 (15... b6 $5 $15
{Bareev,E}) 16. Bxg4 g6 (16... b6 $1 {Bareev,E /\ g6} 17. f5 exf5 18. Bxf5 Bxf5
19. Rxf5 Qd7 $10) 17. b5 (17. f5 gxf5 $1 (17... exf5 18. Bf3 Be6 19. Nf4 Bg5
20. Nc5 Bxf4 21. Bxf4 Qe7 22. Qa4 $44) 18. Bh5+ Kd8 19. Qd2 b6 20. Bxh6 Bd7 21.
Ng5 Kc8 22. Nf7 Rg8+ 23. Kh1 $14) 17... Nd8 18. f5 $5 (18. Nc5 b6 19. Na6 Bxa6
20. bxa6 Qc6 21. a4 $14) 18... exf5 (18... gxf5 19. Bh5+ Nf7 (19... Kd7 20.
Nc5+ Bxc5 21. dxc5 $16) 20. Bxf7+ Kxf7 21. Qh5+ Ng6 22. Nf4 Rg8 23. Kh1 {/\ Rg1
}) 19. Bf3 Be6 20. Nf4 (20. Nc5 Bxc5 21. dxc5 g5 22. Bxd5 f4 23. Bf2 Qd7 $1
$132 (23... Bxh3 $6 24. Qh5+)) 20... Bg5 21. Nc5 Bxf4 (21... Bg8 {Bareev,E} 22.
Nxd5 Bxd5 23. Bxg5 Bxf3 24. Bxd8 Bxd1 25. Bxc7 $18) 22. Bxf4 Qe7 23. Qe2 (23.
a4 $1 Nf7 24. a5 Ng5 25. a6 b6 26. Nb7 Nxf3+ 27. Qxf3 $36) 23... Nf7 $1 24. a4
Ng5 (24... g5 {Bareev,E} 25. Bc1 Ng6 $13) 25. Bxg5 hxg5 26. Nxe6 Qxe6 $2 (26...
Nxe6 $1 27. Bxd5 Nf4 28. Qxc4 Rd8 $13) 27. Qg2 O-O-O 28. Qxg5 Nh7 29. Qg2 g5
30. Bd1 (30. Ra2 $1 {Bareev,E /\} g4 31. Bd1 Ng5 32. Rxf5 $18) 30... Kb8 (30...
g4 $2 31. Rxf5 $1 Qxf5 32. Bxg4 $18) 31. Bc2 (31. Ra2 $5 {Bareev,E}) 31... f4
32. Rf2 (32. Rf3 $2 g4 $1 33. Rxf4 Ng5 34. Rxg4 Nh3+ 35. Kh1 Qxg4 $1 36. Qxg4
Nf2+ $19) 32... Rdg8 33. Raf1 Nf8 $2 34. Bd1 $1 Nh7 (34... Rh4 35. Bf3 Qf5 36.
Bxd5 Rg4 37. Bxg8 Rxg2+ 38. Rxg2 $16) (34... Ng6 {Bareev,E} 35. Bg4) (34... Rh7
{Bareev,E} 35. Bf3 Rd7 36. Bg4) 35. Bg4 Qf7 36. a5 $2 (36. e6 Qe7 37. Qxd5 Nf6
38. Qe5+ Ka8 39. Bf5 $18) (36. e6 $18 {Bareev,E}) 36... Rd8 37. b6 $6 $138 a6
38. Re1 $6 (38. h4 $1 Rhg8 39. h5 {/\ Qh3+/-}) (38. Re2 {Bareev,E /\ e6, Re5+/-
}) 38... Qe7 39. Bf5 Nf6 40. Ref1 $13 (40. Ref1 {Bareev,E} Ne8 41. Bg4 {
/\ h3, e6, Re1-e5+/- ><d5, g5}) (40. Rfe2 {Bareev,E} Ne8 41. e6 $18) 1/2-1/2

[Event "WchT 3rd"]
[Site "Luzern"]
[Date "1993.??.??"]
[Round "1.1"]
[White "Kamsky, Gata"]
[Black "Nogueiras Santiago, Jesus"]
[Result "1/2-1/2"]
[WhiteElo "2645"]
[BlackElo "2580"]
[Annotator "Stohl,I"]
[PlyCount "92"]
[EventDate "1993.10.24"]
[EventType "team-tourn"]
[EventRounds "9"]
[EventCountry "SUI"]
[SourceTitle "CBM 038"]
[Source "ChessBase"]
[SourceDate "1994.02.01"]
[SourceVersion "1"]
[SourceVersionDate "1994.02.01"]
[SourceQuality "1"]
[WhiteTeam "US of America"]
[BlackTeam "Cuba"]
[WhiteTeamCountry "USA"]
[BlackTeamCountry "CUB"]

1. e4 d6 2. d4 g6 3. Nf3 Nf6 4. Nc3 Bg7 5. Be2 O-O 6. O-O c6 7. h3 (7. Re1 Nbd7
(7... b5 $6 8. e5 Ne8 9. Bf4 a6 10. Ne4 Ra7 11. Bd3 f5 12. Neg5 h6 13. exd6 $1
hxg5 14. dxe7 Rxe7 15. Bxb8 g4 16. Ne5 Rb7 17. Nxc6 Qb6 18. Ne7+ $16 {
Syrtlanov,V-Kirpichnikov,V/Paardubice op/1993/}) 8. Bf4 (8. e5 dxe5 9. Nxe5
Nxe5 (9... Nd5 $5 $10) 10. dxe5 Nd5 11. Nxd5 Qxd5 12. Qxd5 cxd5 13. Bf3 e6 14.
Bg5 Bd7 15. c4 $1 Bc6 (15... dxc4 $142 $5) 16. Be7 Rfc8 17. c5 b6 18. b4 b5 19.
Rab1 a5 20. a4 $1 axb4 21. axb5 Bxb5 22. Rxb4 Bc6 23. Bd6 $16 {Boensch,U-Vogt,
L/Altensteig I/1993/}) (8. a4 {-7.a4}) 8... Qa5 9. Nd2 Qc7 10. Bg3 Rd8 11. a4
e5 12. Nb3 exd4 13. Qxd4 Ne5 14. Rad1 Bg4 15. Qd2 Bxe2 16. Rxe2 Nh5 17. Bh4 Re8
18. Rb1 Nc4 19. Qc1 d5 20. exd5 Rxe2 21. Nxe2 cxd5 22. Bg5 Re8 23. Nbd4 Nd6
$132 {Lamoreux,C-Tkachiev,V/Oakham/1993/}) (7. a4 Nbd7 8. Re1 (8. Be3 e5 9.
dxe5 dxe5 10. Nd2 Qe7 11. Nc4 Ne8 12. Qd2 f5 13. exf5 gxf5 14. f4 e4 15. Rad1
Ndf6 16. Bd4 Be6 17. Be5 Ng4 18. Bxg7 Nxg7 19. Ne3 Rad8 20. Qc1 Nf6 21. Rxd8
Rxd8 22. Rd1 $10 {Brunner,L-Nogueiras,J/Biel izt/1993/}) 8... e5 9. a5 $5 exd4
10. Nxd4 Re8 11. f3 d5 12. exd5 Nxd5 13. Nxd5 cxd5 14. c3 a6 15. Bf1 Ne5 16.
Be3 Nc4 17. Bxc4 dxc4 18. Qa4 Bd7 19. Qxc4 Rc8 20. Qd5 $14 {Rozentalis,
E-Bologan,V/BL 9293/1993/}) 7... Nbd7 8. e5 (8. Bg5 Qc7 9. Qd2 e5 10. Rad1 b5
11. a3 a5 12. dxe5 dxe5 13. Qe3 Re8 14. Nd2 Nf8 15. a4 b4 16. Ncb1 Ne6 17. Bh6
Bxh6 18. Qxh6 Nd4 19. Bd3 Nh5 20. c3 Nf4 21. Bc4 bxc3 22. bxc3 Nde6 23. g3 Nh5
24. Nf3 Qe7 25. Nbd2 f6 $10 {Gurevich,I-Zlotnikov,M/New York op/1993/}) 8...
Ne8 9. Re1 dxe5 10. dxe5 Nc7 11. Bf4 (11. Bf1 Ne6 12. a4 Qc7 13. Qe2 a5 14. b3
b6 15. Qe3 Ba6 16. Bxa6 Rxa6 17. Bb2 Raa8 18. Ne2 Rfd8 19. Ned4 Ndc5 20. Rad1
Rab8 $10 {Stohl,I-Gelfand,B/Dortmund-A/1990/}) 11... Ne6 12. Bg3 Qb6 $5 $146 (
12... b5 13. Bf1 Qb6 14. a4 b4 15. a5 Qc7 16. Nb1 Rd8 17. Qc1 c5 18. Qe3 Bb7
19. Nbd2 Ndf8 20. Bc4 a6 21. c3 Bc6 $132 {Gligoric,S-Todorcevic,M/JUG-chT/1989/
}) 13. a3 Rd8 (13... Qxb2 $4 14. Na4 $18) 14. Qc1 Ndf8 15. Bh4 Re8 (15... Qc7
16. a4 $14 {/\Bc4,Ne4}) 16. Qd2 Bd7 17. b4 Rad8 18. Rad1 Bc8 19. Bd3 $14 {()}
Nd4 20. Nxd4 Rxd4 21. Bg5 Rdd8 22. Be3 Qc7 23. f4 f6 24. Qf2 b6 (24... fxe5 $6
25. Bxa7 $36 {/\Bb6}) 25. exf6 exf6 (25... Bxf6 $6 26. Ne4 $16) 26. f5 $1 Bxf5
$8 27. Bxf5 Rxd1 28. Nxd1 (28. Rxd1 gxf5 29. Rd3 Qe5 $132) 28... gxf5 29. Qxf5
Re5 30. Qf3 Ng6 31. Rf1 (31. Nf2 $5 $14 {/\Nd3,Ng4}) 31... Qd7 32. Nf2 f5 $1
33. Bf4 (33. Nd3 $4 Rxe3 34. Qxe3 Bd4 $19) (33. Kh1 Qd5 $10) 33... Re6 (33...
Nxf4 34. Qxf4 Rd5 35. Nd3 $14 {׻}) 34. Nd3 Qd5 $5 35. Qxd5 cxd5 $132 {><c2}
36. Bg3 Ne7 (36... Re2 37. Rxf5 Rxc2 38. Rxd5 $36) 37. b5 (37. Re1 Re4 $5 $10 {
/\Bc3,d4,Nd5}) 37... Re2 38. Nb4 Bd4+ 39. Kh2 Bc5 $1 $10 40. Nc6 (40. c3 Re3
$10) 40... Rxc2 41. Nxe7+ Bxe7 42. Rxf5 Bxa3 43. Rxd5 Rc5 $1 44. Rd8+ (44. Rxc5
bxc5 45. Bb8 c4 46. Bxa7 c3 $10) 44... Kf7 45. Ra8 Bb2 46. Rxa7+ Kg6 {/\Rb5}
1/2-1/2

[Event "WchT 3rd"]
[Site "Luzern"]
[Date "1993.??.??"]
[Round "4.1"]
[White "Kamsky, Gata"]
[Black "Kramnik, Vladimir"]
[Result "1-0"]
[WhiteElo "2645"]
[BlackElo "2710"]
[Annotator "Ftacnik,L"]
[PlyCount "72"]
[EventDate "1993.10.24"]
[EventType "team-tourn"]
[EventRounds "9"]
[EventCountry "SUI"]
[SourceTitle "CBM 038"]
[Source "ChessBase"]
[SourceDate "1994.02.01"]
[SourceVersion "1"]
[SourceVersionDate "1994.02.01"]
[SourceQuality "1"]
[WhiteTeam "US of America"]
[BlackTeam "Russia"]
[WhiteTeamCountry "USA"]
[BlackTeamCountry "RUS"]

1. d4 d5 2. c4 c6 3. Nc3 Nf6 4. Nf3 e6 5. Bg5 h6 6. Bxf6 Qxf6 7. e3 Nd7 8. Bd3
g6 (8... Bd6) (8... Qd8) 9. O-O Bg7 10. e4 (10. cxd5 exd5 11. b4) 10... dxc4
11. e5 Qe7 12. Bxc4 O-O 13. Qe2 b6 14. Rfe1 a6 (14... a5 15. Ne4 c5 16. dxc5
bxc5 17. Ned2 $10 {Hulak,K-Lalic,B/Yugoslavia/1989/}) (14... Bb7 15. Ba6 $5)
15. Bd3 Bb7 16. Be4 Ra7 17. Rac1 b5 (17... c5 $2 18. Bxb7 Rxb7 19. Qxa6 $16)
18. Qe3 c5 19. d5 $1 Nxe5 (19... exd5 20. Bxd5 $14) 20. Nxe5 Bxe5 21. dxe6 $1 (
21. Qxh6 exd5 22. Bxd5 Bxd5 23. Nxd5 Qd6 $10) 21... Bxe4 $2 (21... Bg7 22.
exf7+ Qxf7 23. Qxc5 $16) (21... Kg7 $1 $10 {Kramnik}) 22. Nxe4 Bxb2 23. Rxc5
Bg7 (23... Qxe6 24. Rc2 Re7 25. Rxb2 Rfe8 26. Qxh6 f5 27. Rbe2 fxe4 28. Rxe4
Qxe4 29. Rxe4 Rxe4 30. Qxg6+ $16) 24. Rc6 $1 fxe6 25. Nc5 Qf7 $6 (25... e5 26.
Rxg6 $16) (25... Rf6 26. Nxe6 Qd7 27. Rc2 Rb7 28. Nc5 $140 Qf5) 26. Nxe6 Re8
27. Qb3 Kh8 $6 (27... Ree7 $5) 28. g3 Qf5 29. Re2 Rae7 30. Rxa6 Bf6 31. Re3 Kh7
32. Rf3 Qe5 33. Nf4 Qb2 34. Qd3 (34. Qxb2 Bxb2 35. Nxg6 $16) 34... Re4 (34...
Rg7 35. Nxg6 Rd8 36. Qe4 $18) 35. Kg2 Qd4 36. Qxb5 R8e7 $138 1-0

[Event "Tilburg"]
[Site "Tilburg"]
[Date "1993.??.??"]
[Round "3"]
[White "Atalik, Suat"]
[Black "Kamsky, Gata"]
[Result "0-1"]
[WhiteElo "2535"]
[BlackElo "2645"]
[PlyCount "68"]
[EventDate "1993.11.??"]
[EventType "k.o."]
[EventRounds "7"]
[EventCountry "NED"]
[SourceTitle "CBM 039"]
[Source "ChessBase"]
[SourceDate "1994.04.01"]
[SourceVersion "1"]
[SourceVersionDate "1994.04.01"]
[SourceQuality "1"]

1. d4 d5 2. c4 e6 3. Nc3 Nf6 4. Bg5 Nbd7 5. e3 Bb4 6. cxd5 exd5 7. Bd3 c5 8.
Nge2 cxd4 9. exd4 O-O 10. O-O Nb6 11. Qb3 Be7 12. Rae1 h6 13. Bf4 Be6 14. Bb1
Qd7 15. Qc2 Rac8 16. Ng3 Nc4 17. Nh5 g6 18. Nxf6+ Bxf6 19. Bxh6 Rfe8 20. Rd1 b5
21. Qb3 a6 22. a3 Bg4 23. Rd3 Rc6 24. h3 Bf5 25. Rg3 Bxd4 26. Qd1 Be5 27. Bxf5
Qxf5 28. f4 Bh8 29. Nxd5 Kh7 30. Rg5 Qe4 31. Qg4 Bd4+ 32. Kh2 Kxh6 33. Rd1 Ne3
34. Qd7 Rc2 0-1

[Event "Tilburg"]
[Site "Tilburg"]
[Date "1993.??.??"]
[Round "4"]
[White "Kamsky, Gata"]
[Black "Jussupow, Artur"]
[Result "1/2-1/2"]
[WhiteElo "2645"]
[BlackElo "2630"]
[PlyCount "100"]
[EventDate "1993.11.??"]
[EventType "k.o."]
[EventRounds "7"]
[EventCountry "NED"]
[SourceTitle "CBM 039"]
[Source "ChessBase"]
[SourceDate "1994.04.01"]
[SourceVersion "1"]
[SourceVersionDate "1994.04.01"]
[SourceQuality "1"]

1. e4 e5 2. Nf3 Nf6 3. Nxe5 d6 4. Nf3 Nxe4 5. d4 d5 6. Bd3 Be7 7. O-O Nc6 8. c4
Nf6 9. Bg5 O-O 10. cxd5 Nxd5 11. Bxe7 Ncxe7 12. Nc3 h6 13. Qb3 Rb8 14. Rfe1 Be6
15. Qa4 a6 16. Rac1 Nf4 17. Bb1 c6 18. g3 Nfd5 19. Re5 Nf6 20. Rce1 Ned5 21.
Qc2 Rc8 22. Nh4 Qb6 23. Na4 Qxd4 24. Nc5 Bh3 25. a3 Rfe8 26. Rxe8+ Rxe8 27.
Rxe8+ Nxe8 28. Nxb7 Nef6 29. Nf3 Qg4 30. Qd3 g6 31. Nc5 Qh5 32. Ne4 Nxe4 33.
Qxe4 Bf5 34. Qe8+ Kg7 35. Bxf5 Qxf3 36. Bc2 Qf6 37. Qb8 h5 38. Qb3 Qd4 39. Bd3
a5 40. Qc2 c5 41. h4 Nf6 42. Qc3 Qxc3 43. bxc3 Nd5 44. c4 Nc7 45. Kg2 f5 46.
Kf3 Kf6 47. Ke3 Ne6 48. Bc2 Ke5 49. f4+ Kf6 50. Ba4 Ke7 1/2-1/2